La clase obrera en la historia de México : el futuro inmediato /
Colección de 17 libros que ofrece un panorama histórico y político de México contado a través de la historia del pueblo trabajador, en especial de los trabajadores industriales, desde la colonia española hasta finales del mandato presidencial de Luis Echeverría; los dos últimos abordan el trabajo de...
Wedi'i Gadw mewn:
| Prif Awdur: | |
|---|---|
| Awduron Eraill: | |
| Fformat: | Llyfr |
| Iaith: | Sbaeneg |
| Cyhoeddwyd: |
México :
Siglo XXI : UNAM, Instituto de Investigaciones Sociales,
1980, c1980
|
| Cyfres: | (La Clase Obrera en la Historia de México ;
15) |
| Pynciau: | |
| Tagiau: |
Dim Tagiau, Byddwch y cyntaf i dagio'r cofnod hwn!
|
MARC
| LEADER | 00000nam^a2200000^a^4500 | ||
|---|---|---|---|
| 001 | 000186600 | ||
| 005 | 20250521000000.0 | ||
| 009 | 20260310102233.173 | ||
| 020 | |a 968-23-0989-1 | ||
| 020 | |a 968-23-1002-4 | ||
| 037 | |a Acervo ITESO - Biblioteca | ||
| 041 | |a ESP | ||
| 082 | |a 305. 5620972 |b GON V. 15 | ||
| 100 | |a Camacho Solís, Manuel |e (autor) | ||
| 240 | 1 | 4 | |a [La clase obrera en la historia de México] |
| 245 | 1 | 3 | |a La clase obrera en la historia de México : |b el futuro inmediato / |c M. Camacho Solís ; coord. de P. González Casanova. |
| 264 | 4 | |a México : |b Siglo XXI : |b UNAM, Instituto de Investigaciones Sociales, |c 1980, c1980 | |
| 300 | |a 167 p. | ||
| 336 | |a texto |b txt |2 rdacontenido | ||
| 337 | |a sin mediación |b n |2 rdamedio | ||
| 338 | |a volumen |b nc |2 rdasoporte | ||
| 440 | 4 | |a (La Clase Obrera en la Historia de México ; |v 15) | |
| 520 | |a Colección de 17 libros que ofrece un panorama histórico y político de México contado a través de la historia del pueblo trabajador, en especial de los trabajadores industriales, desde la colonia española hasta finales del mandato presidencial de Luis Echeverría; los dos últimos abordan el trabajo del migrante mexicano en Estados Unidos, desde 1600 hasta 1981.En este volumen se analizan la importancia de la participación política y social de los trabajadores mexicanos en la construcción de una nación fuerte en el futuro, con base en el estudio de la correlación histórica entre el movimiento obrero y los dirigentes políticos. | ||
| 649 | |a XX | ||
| 650 | |a Obreros - |z México - |x Condiciones Sociales y Culturales | ||
| 650 | |a Obreros - |z México - |x Condiciones Laborales | ||
| 650 | |a Obreros - |z México - |x Historia - |y Siglo XX - |x Tema Principal | ||
| 650 | |a Clases Sociales - |z México - |x Historia - |y Siglo XX | ||
| 650 | |a Sindicalismo - |z México - |x Historia - |y Siglo XX | ||
| 650 | |a Movimientos Obreros - |z México - |x Historia - |y Siglo XX | ||
| 650 | |a Movimientos Políticos - |z México - |x Historia - |y Siglo XX | ||
| 650 | |a Movimientos Sociales - |z México - |x Historia - |y Siglo XX | ||
| 650 | |a Política Laboral - |z México - |x Historia - |y Siglo XX | ||
| 650 | |a Política Económica - |z México - |x Historia - |y Siglo XX | ||
| 650 | |a Sociología Laboral | ||
| 650 | |a Economía Laboral - |z México - |x Historia | ||
| 650 | |a Economía - |z México - |x Historia - |y 1946-2000 | ||
| 650 | |a Economía - |z México - |x Historia - |y Siglo XX | ||
| 650 | |a Política - |z México - |x Historia - |y 1946-2000 | ||
| 650 | |a Política - |z México - |x Historia - |y Siglo XX | ||
| 650 | |a México - |x Condiciones Laborales | ||
| 650 | |a México - |x Condiciones Económicas | ||
| 650 | |a México - |x Condiciones Políticas | ||
| 700 | |a González Casanova, Pablo |e (coordinación) | ||
| 910 | |a Fondo Armando Suárez Gómez | ||
| 920 | |a Impresos - Libros | ||
| 930 | |a Fondos Especiales | ||
| 905 | |a 111 | ||
| 901 | |a 0700004543 |b IT2 |c ESP |u 20250521 | ||
| 902 | |a https://opac.biblio.iteso.mx/vufind/Record/000186600 | ||